000 00729nam a2200205 i 4500
001 128686
003 ES-MaACL
005 20230906193337.0
007 t|
008 070523s1929 fr ||||1| fre d
100 1 _aTaupin, René.
_9109406
245 1 2 _aL'influence du symbolisme français sur la poésie américaine de 1910 à 1920 /
_cpar René Taupin.
260 _aParis :
_bH. Champion,
_c1929 (
_fDesclé)
300 _a302 p. ;
_c25 cm.
490 1 _aBibliothèque de la Revue de Litterature Comparée ;
_v62
650 0 4 _aPoesía norteamericana-
_xHistoria y crítica.
_916195
830 0 _aBibliothèque de la Revue de Litterature Comparée ;
_v62
_9182653
852 _aES-MaACL
_jA-2343
999 _c128686
_d128686